[Event "FRA-ch U18"]
[Site "La Roche sur Yon"]
[Date "2008.04.21"]
[Round "3"]
[White "Barre, Yann"]
[Black "Blum, Nicolas"]
[Result "1/2-1/2"]
[WhiteElo "1957"]
[BlackElo "2180"]
[PlyCount "36"]
[EventDate "2008.04.21"]
[EventType "swiss"]
[EventRounds "9"]
[EventCountry "FRA"]
[SourceTitle "EXT 2010"]
[Source "ChessBase"]
[SourceDate "2010.11.25"]
[SourceVersion "1"]
[SourceVersionDate "2010.11.25"]
[SourceQuality "1"]

1. d4 Nf6 2. c4 e6 3. Nc3 Bb4 4. Qc2 c5 5. dxc5 0-0 6. Nf3 Na6 7. g3 Nxc5 8. Bg2 Nce4 9. Bd2 Nxd2 10. Nxd2 Qa5 11. Nce4 Nxe4 12. Bxe4 d5 13. Bxh7+ Kh8 14. Rd1 Bd7 15. Bd3 dxc4 16. Qxc4 Kg8 17. Qh4 f5 18. Qf4 Qd5 1/2-1/2

[Event "Avoine op 22nd"]
[Site "Avoine"]
[Date "2007.07.23"]
[Round "3"]
[White "Barre, Yann"]
[Black "Sandu, Mihaela"]
[Result "0-1"]
[WhiteElo "1929"]
[BlackElo "2271"]
[PlyCount "72"]
[EventDate "2007.07.21"]
[EventType "swiss"]
[EventRounds "9"]
[EventCountry "FRA"]
[SourceTitle "EXT 2010"]
[Source "ChessBase"]
[SourceDate "2010.11.25"]
[SourceVersion "1"]
[SourceVersionDate "2010.11.25"]
[SourceQuality "1"]

1. d4 Nf6 2. c4 c5 3. d5 b5 4. cxb5 a6 5. b6 d6 6. Nc3 g6 7. e4 Qxb6 8. Nf3 Bd7 9. a4 Bg7 10. Nd2 Qb4 11. Be2 0-0 12. 0-0 Ne8 13. Qc2 f5 14. f3 fxe4 15. fxe4 Nf6 16. b3 Ng4 17. Bxg4 Bxc3 18. Bxd7 Rxf1+ 19. Nxf1 Bxa1 20. Be6+ Kg7 21. Qf2 Bf6 22. Qf4 Nd7 23. Bxd7 Qxb3 24. h4 Kh8 25. h5 Rf8 26. Be3 Bg7 27. Qh4 Qd1 28. Bf4 Bd4+ 29. Kh2 Qxf1 30. Bg3 Qg1+ 31. Kh3 Qh1+ 32. Kg4 Qd1+ 33. Kh3 Qxh5 34. Qxh5 gxh5 35. Kh4 Bf2 36. Bxf2 Rxf2 0-1

[Event "Morbihan-ch 0607"]
[Site "Morbihan"]
[Date "2007.03.10"]
[Round "6"]
[White "Barre, Yann"]
[Black "Annetti, Laurent"]
[Result "1/2-1/2"]
[WhiteElo "1918"]
[BlackElo "1960"]
[PlyCount "37"]
[EventDate "2006.10.21"]
[EventType "swiss"]
[EventRounds "7"]
[EventCountry "FRA"]
[SourceTitle "EXT 2009"]
[Source "ChessBase"]
[SourceDate "2008.11.26"]
[SourceVersion "1"]
[SourceVersionDate "2008.11.26"]
[SourceQuality "1"]

1. d4 Nf6 2. c4 e5 3. dxe5 Ng4 4. Nf3 Bc5 5. e3 Nc6 6. a3 a5 7. Nc3 0-0 8. g3 Re8 9. Bg2 Ngxe5 10. Nxe5 Nxe5 11. 0-0 d6 12. b3 Bg4 13. Qc2 Nf3+ 14. Kh1 Qg5 15. h4 Nxh4 16. gxh4 Qxh4+ 17. Kg1 Re6 18. f3 Bh3 19. Qf2 1/2-1/2

[Event "Morbihan-ch 0607"]
[Site "Morbihan"]
[Date "2007.02.03"]
[Round "5"]
[White "Peyre, Camille"]
[Black "Barre, Yann"]
[Result "0-1"]
[WhiteElo "1807"]
[BlackElo "1918"]
[PlyCount "40"]
[EventDate "2006.10.21"]
[EventType "swiss"]
[EventRounds "7"]
[EventCountry "FRA"]
[SourceTitle "EXT 2009"]
[Source "ChessBase"]
[SourceDate "2008.11.26"]
[SourceVersion "1"]
[SourceVersionDate "2008.11.26"]
[SourceQuality "1"]

1. d4 Nf6 2. Bg5 d5 3. Bxf6 exf6 4. e3 c6 5. c4 dxc4 6. Bxc4 Bd6 7. Nc3 f5 8. Nf3 Nd7 9. 0-0 0-0 10. Rb1 Qe7 11. Bd3 Nf6 12. Qc2 g6 13. a3 Be6 14. Na4 Bd5 15. b4 Ng4 16. Ne5 Bxe5 17. dxe5 Nxe5 18. Nc3 Nf3+ 19. Kh1 Qh4 20. h3 Ne1 0-1

[Event "FRA-chT3 Gr06 0607"]
[Site "France"]
[Date "2007.01.21"]
[Round "5.5"]
[White "Barre, Yann"]
[Black "Quellec, Yannick"]
[Result "0-1"]
[WhiteElo "1918"]
[BlackElo "1960"]
[PlyCount "87"]
[EventDate "2006.10.15"]
[EventType "team"]
[EventRounds "9"]
[EventCountry "FRA"]
[SourceTitle "EXT 2008"]
[Source "ChessBase"]
[SourceDate "2007.11.25"]
[SourceVersion "1"]
[SourceVersionDate "2007.11.25"]
[SourceQuality "1"]
[WhiteTeam "Arradon"]
[BlackTeam "St Hilaire Petitville"]
[WhiteTeamCountry "FRA"]
[BlackTeamCountry "FRA"]

1. d4 Nf6 2. c4 e6 3. Nc3 Bb4 4. Qc2 0-0 5. e4 d5 6. e5 Ne4 7. a3 Bxc3+ 8. bxc3 c5 9. Bd3 Nc6 10. Ne2 cxd4 11. cxd4 Qa5+ 12. Kf1 f6 13. Bxe4 dxe4 14. exf6 Rxf6 15. Qxe4 Qa4 16. Be3 Qxc4 17. Rc1 Qa4 18. Qd3 b6 19. Qc2 Qxc2 20. Rxc2 Ne7 21. Nc3 Ba6+ 22. Ke1 Nf5 23. Ne4 Rf7 24. Ng5 Nxe3 25. fxe3 Rf5 26. Nf3 Bd3 27. Rc3 Be4 28. Ke2 Raf8 29. Rf1 Bb7 30. Rf2 Rb5 31. Nd2 Rxf2+ 32. Kxf2 Rb2 33. Ke1 Bxg2 34. e4 Ra2 35. Rc8+ Kf7 36. Rc7+ Kg6 37. Rxa7 b5 38. Rb7 Rxa3 39. Rxb5 Bxe4 40. Re5 Bd5 41. h4 Rh3 42. Rg5+ Kh6 43. Rg4 g6 44. Ne4 0-1

[Event "Bretagne-ch U16"]
[Site "Sarzeau"]
[Date "2006.02.23"]
[Round "5"]
[White "Barre, Yann"]
[Black "Jouchet, Fabien"]
[Result "1-0"]
[WhiteElo "1898"]
[BlackElo "1720"]
[PlyCount "65"]
[EventDate "2006.02.21"]
[EventType "swiss"]
[EventRounds "6"]
[EventCountry "FRA"]
[SourceTitle "EXT 2007"]
[Source "ChessBase"]
[SourceDate "2006.11.23"]
[SourceVersion "1"]
[SourceVersionDate "2006.11.23"]
[SourceQuality "1"]

1. d4 g6 2. Nf3 Bg7 3. Bf4 Nf6 4. e3 0-0 5. c4 d6 6. h3 Nbd7 7. Nc3 Nh5 8. Bh2 Re8 9. Be2 Nhf6 10. 0-0 c5 11. d5 a6 12. e4 Nb6 13. Nd2 e5 14. Bd3 Bd7 15. f4 Nh5 16. f5 Qg5 17. Nf3 Qe7 18. g4 Nf6 19. g5 Nxe4 20. Bxe4 Bxf5 21. Bxf5 gxf5 22. Qb3 e4 23. Qxb6 exf3 24. Rxf3 Kh8 25. Qxd6 Qxg5+ 26. Qg3 Qh6 27. Qf4 Qf6 28. Qxf5 Qd4+ 29. Kh1 Rg8 30. Rg1 Rae8 31. Qd3 Qxg1+ 32. Bxg1 Re1 33. Rf1 1-0

[Event "Morbihan-ch 0506"]
[Site "Arradon"]
[Date "2006.02.11"]
[Round "5"]
[White "Tripoteau, Nicolas"]
[Black "Barre, Yann"]
[Result "1-0"]
[WhiteElo "2272"]
[BlackElo "1898"]
[PlyCount "43"]
[EventDate "2005.10.01"]
[EventType "swiss"]
[EventRounds "7"]
[EventCountry "FRA"]
[SourceTitle "EXT 2007"]
[Source "ChessBase"]
[SourceDate "2006.11.23"]
[SourceVersion "1"]
[SourceVersionDate "2006.11.23"]
[SourceQuality "1"]

1. d4 Nf6 2. Nf3 e6 3. e3 d5 4. Bd3 c5 5. b3 Nc6 6. Bb2 cxd4 7. exd4 Bd7 8. 0-0 Nb4 9. Be2 Rc8 10. a3 Nc6 11. c4 Be7 12. c5 0-0 13. b4 a6 14. Nbd2 Na7 15. a4 Qc7 16. b5 b6 17. a5 Nxb5 18. axb6 Qb7 19. Ne5 Ra8 20. Nb3 Rac8 21. Nxd7 Nxd7 22. Bxb5 1-0

[Event "FRA-chT U20a 0405"]
[Site "France"]
[Date "2005.05.16"]
[Round "11.1"]
[White "Barre, Yann"]
[Black "Lecouteux, Guilhem"]
[Result "0-1"]
[WhiteElo "1902"]
[BlackElo "2030"]
[PlyCount "90"]
[EventDate "2004.11.19"]
[EventType "team"]
[EventRounds "11"]
[EventCountry "FRA"]
[SourceTitle "EXT 2006"]
[Source "ChessBase"]
[SourceDate "2005.11.24"]
[SourceVersion "1"]
[SourceVersionDate "2005.11.24"]
[SourceQuality "1"]

1. d4 d5 2. Nf3 Nf6 3. Bf4 Bf5 4. e3 e6 5. Be2 Nbd7 6. Nbd2 Be7 7. h3 h6 8. 0-0 0-0 9. c4 dxc4 10. Nxc4 Nd5 11. Bg3 N7b6 12. Rc1 Nxc4 13. Bxc4 Rc8 14. Qb3 Nb6 15. a4 Nxc4 16. Qxc4 c5 17. Qb3 Be4 18. dxc5 Bxc5 19. Rfd1 Qb6 20. Qxb6 Bxb6 21. Ne5 Rfd8 22. Rxd8+ Rxd8 23. b4 a5 24. bxa5 Bxa5 25. f3 Bd2 26. Rc7 Bxe3+ 27. Kf1 Bd5 28. Nxf7 Ra8 29. Nd6 Bd4 30. Rc8+ Rxc8 31. Nxc8 Bc4+ 32. Ke1 Bc3+ 33. Kf2 Bb3 34. Nd6 b6 35. Nb5 Bf6 36. Nc7 Kf7 37. a5 bxa5 38. Nb5 a4 39. Bd6 Be7 40. Be5 a3 41. Nd6+ Kg6 42. Ne8 a2 43. h4 Bxh4+ 44. g3 Be7 45. Bxg7 Ba4 0-1

[Event "FRA-chT U20a 0405"]
[Site "France"]
[Date "2005.05.14"]
[Round "8.2"]
[White "Barre, Yann"]
[Black "Lambert, Romain"]
[Result "1/2-1/2"]
[WhiteElo "1902"]
[BlackElo "1730"]
[PlyCount "84"]
[EventDate "2004.11.19"]
[EventType "team"]
[EventRounds "11"]
[EventCountry "FRA"]
[SourceTitle "EXT 2006"]
[Source "ChessBase"]
[SourceDate "2005.11.24"]
[SourceVersion "1"]
[SourceVersionDate "2005.11.24"]
[SourceQuality "1"]

1. d4 d5 2. Nf3 e6 3. Bf4 f5 4. e3 Nf6 5. Be2 Be7 6. 0-0 0-0 7. h3 Ne4 8. Nbd2 Nd7 9. c4 b6 10. Qb3 g5 11. Bxg5 Bxg5 12. cxd5 Nxd2 13. Nxd2 Nf6 14. dxe6 Qe7 15. Nf3 Bh6 16. Bc4 c6 17. Ne5 Bb7 18. Qa3 Nd5 19. Bxd5 Qxa3 20. bxa3 cxd5 21. Nf7 Bg7 22. Nd6 Bc6 23. Rac1 Ba4 24. e7 Rf6 25. Rc8+ Rxc8 26. Nxc8 Kf7 27. Rb1 a6 28. Nxb6 Bc6 29. Nc8 Re6 30. Rb6 Bd7 31. e8Q+ Kxe8 32. Nd6+ Kd8 33. Rxa6 Ke7 34. Nxf5+ Kf6 35. Rxe6+ Bxe6 36. g4 Bf8 37. Ng3 Bxa3 38. Nh5+ Ke7 39. Ng7 Bd7 40. Nf5+ Kf6 41. Kg2 Bb5 42. f4 Bd3 1/2-1/2

[Event "FRA-chT U20 0405"]
[Site "Lyon"]
[Date "2004.12.19"]
[Round "5.2"]
[White "Barre, Yann"]
[Black "Candy, Romain"]
[Result "1/2-1/2"]
[WhiteElo "1890"]
[BlackElo "2018"]
[PlyCount "43"]
[EventDate "2004.11.??"]
[EventType "team"]
[EventRounds "7"]
[EventCountry "FRA"]
[SourceTitle "EXT 2006"]
[Source "ChessBase"]
[SourceDate "2005.11.24"]
[SourceVersion "1"]
[SourceVersionDate "2005.11.24"]
[SourceQuality "1"]
[WhiteTeam "Mulhouse"]
[BlackTeam "Lyon"]
[WhiteTeamCountry "FRA"]
[BlackTeamCountry "FRA"]

1. d4 Nf6 2. Nf3 e6 3. Bf4 d5 4. e3 c5 5. c3 Nc6 6. Nbd2 Be7 7. h3 Qb6 8. Rb1 Bd7 9. Bd3 Na5 10. Qe2 a6 11. Ne5 Bb5 12. 0-0 Bxd3 13. Qxd3 cxd4 14. exd4 Qd8 15. Rfe1 b5 16. Qc2 Rc8 17. Bg5 Qb6 18. Qd3 Nc4 19. Ndxc4 bxc4 20. Qc2 Qa5 21. f4 Bd6 22. Bxf6 1/2-1/2

[Event "FRA-chT U20 0304"]
[Site "France"]
[Date "2004.05.01"]
[Round "10"]
[White "Barre, Yann"]
[Black "Brih, Touatia"]
[Result "0-1"]
[WhiteElo "1820"]
[BlackElo "2014"]
[PlyCount "52"]
[EventDate "2003.11.??"]
[EventType "team"]
[EventRounds "11"]
[EventCountry "FRA"]
[SourceTitle "EXT 2005"]
[Source "ChessBase"]
[SourceDate "2004.11.15"]
[SourceVersion "1"]
[SourceVersionDate "2004.11.15"]
[SourceQuality "1"]
[WhiteTeam "Mulhouse"]
[BlackTeam "Creteil"]
[WhiteTeamCountry "FRA"]
[BlackTeamCountry "FRA"]

1. d4 e6 2. Nf3 c5 3. Bf4 Nf6 4. e3 Nc6 5. Bd3 Qb6 6. Qc1 cxd4 7. exd4 Nxd4 8. Nbd2 Nxf3+ 9. Nxf3 Bc5 10. 0-0 0-0 11. c3 d5 12. Qc2 h6 13. Rfe1 Ng4 14. Bg3 Bd6 15. Bxd6 Qxd6 16. h3 Nf6 17. Rad1 Qc7 18. Re3 Nd7 19. Be2 b6 20. Nd4 Nc5 21. b4 Ne4 22. Nb5 Qf4 23. Bd3 Ba6 24. Bxe4 Bxb5 25. Bf3 Rac8 26. Rd4 Qxd4 0-1

[Event "France-ch U14"]
[Site "Reims"]
[Date "2004.04.20"]
[Round "4"]
[White "Barre, Yann"]
[Black "Delorme, Axel"]
[Result "0-1"]
[WhiteElo "2000"]
[BlackElo "2137"]
[PlyCount "52"]
[EventDate "2004.04.??"]
[EventType "swiss"]
[EventRounds "9"]
[EventCountry "FRA"]
[SourceTitle "EXT 2005"]
[Source "ChessBase"]
[SourceDate "2004.11.15"]
[SourceVersion "1"]
[SourceVersionDate "2004.11.15"]
[SourceQuality "1"]

1. d4 d5 2. c4 c6 3. cxd5 cxd5 4. Nc3 Nf6 5. Nf3 Nc6 6. Bf4 a6 7. e3 Bg4 8. h3 Bh5 9. g4 Bg6 10. Qb3 Ra7 11. g5 Nh5 12. Bh2 e6 13. Be2 Be7 14. h4 h6 15. Rg1 Kf8 16. Qd1 hxg5 17. Nxg5 Rh6 18. Bxh5 Bxh5 19. Qd2 Bd6 20. f4 Ne7 21. Qf2 Nf5 22. e4 dxe4 23. Ngxe4 b6 24. d5 exd5 25. Nxd5 Re7 26. Qg2 Rxe4+ 0-1

[Event "FRA-chT U20 0203"]
[Site "Clichy"]
[Date "2003.05.03"]
[Round "9.4"]
[White "Barre, Yann"]
[Black "Tache, Benjamin"]
[Result "0-1"]
[WhiteElo "1690"]
[BlackElo "1740"]
[PlyCount "63"]
[EventDate "2002.12.??"]
[EventType "team"]
[EventRounds "11"]
[EventCountry "FRA"]
[SourceTitle "EXT 2004"]
[Source "ChessBase"]
[SourceDate "2003.11.25"]
[SourceVersion "1"]
[SourceVersionDate "2003.11.25"]
[SourceQuality "1"]
[WhiteTeam "Mulhouse"]
[BlackTeam "Bois Colombes"]
[WhiteTeamCountry "FRA"]
[BlackTeamCountry "FRA"]

1. d4 d5 2. Nf3 Nf6 3. Bf4 e6 4. e3 c5 5. c3 Nbd7 6. h3 Be7 7. Nbd2 0-0 8. Be2 b6 9. 0-0 Bb7 10. Rc1 Rc8 11. Re1 Ne8 12. Bd3 Bd6 13. Bxd6 Nxd6 14. e4 f6 15. Qe2 Re8 16. e5 Nf7 17. Bb5 Bc6 18. Bxc6 Rxc6 19. Qb5 Qc8 20. Qd3 cxd4 21. Nxd4 Ndxe5 22. Qe2 Rd6 23. b3 Nc6 24. Nf5 Rdd8 25. Nd4 e5 26. Nxc6 Qxc6 27. Nf3 Nd6 28. Nd2 Rc8 29. Nf3 Qb5 30. Qd2 Ne4 31. Qe3 Qc5 32. Qd2 0-1

[Event "FRA-chT U20 0203"]
[Site "Clichy"]
[Date "2002.12.01"]
[Round "2.4"]
[White "Genzling, Alain"]
[Black "Barre, Yann"]
[Result "1-0"]
[WhiteElo "1990"]
[BlackElo "1720"]
[PlyCount "68"]
[EventDate "2002.12.??"]
[EventType "team"]
[EventRounds "11"]
[EventCountry "FRA"]
[SourceTitle "EXT 2004"]
[Source "ChessBase"]
[SourceDate "2003.11.25"]
[SourceVersion "1"]
[SourceVersionDate "2003.11.25"]
[SourceQuality "1"]
[WhiteTeam "Bischwiller"]
[BlackTeam "Mulhouse"]
[WhiteTeamCountry "FRA"]
[BlackTeamCountry "FRA"]

1. e4 c5 2. Nf3 Nc6 3. d4 cxd4 4. Nxd4 Nf6 5. Nc3 e5 6. Ndb5 d6 7. Bg5 a6 8. Na3 b5 9. Nd5 Be7 10. Bxf6 Bxf6 11. c3 Bg5 12. Nc2 Be6 13. Nce3 Ne7 14. a4 Rb8 15. axb5 axb5 16. Ra7 0-0 17. Nxe7+ Bxe7 18. Nd5 Bxd5 19. Qxd5 b4 20. c4 Ra8 21. Qb7 Rxa7 22. Qxa7 Bg5 23. Be2 Bc1 24. Qa1 Qg5 25. 0-0 Qd2 26. Qxc1 Qxe2 27. Rd1 Qxe4 28. Rxd6 Ra8 29. c5 Qf4 30. Qd1 h6 31. c6 e4 32. g3 Qg5 33. c7 Qc5 34. Rd8+ Kh7 1-0

[Event "FRA-chT 0102 U18"]
[Site "France"]
[Date "2002.05.09"]
[Round "9.6"]
[White "Benassayag, Lucas"]
[Black "Barre, Yann"]
[Result "1-0"]
[WhiteElo "1740"]
[BlackElo "1740"]
[PlyCount "85"]
[EventDate "2001.10.??"]
[EventType "team"]
[EventRounds "11"]
[EventCountry "FRA"]
[SourceTitle "EXT 2003"]
[Source "ChessBase"]
[SourceDate "2002.11.25"]
[SourceVersion "1"]
[SourceVersionDate "2002.11.25"]
[SourceQuality "1"]
[WhiteTeam "Cannes"]
[BlackTeam "Mulhouse"]
[WhiteTeamCountry "FRA"]
[BlackTeamCountry "FRA"]

1. e4 e6 2. d4 d5 3. e5 c5 4. c3 Qb6 5. Nf3 Nc6 6. a3 c4 7. Nbd2 Na5 8. Be2 Bd7 9. 0-0 f5 10. exf6 gxf6 11. Re1 Be7 12. Rb1 0-0-0 13. b3 cxb3 14. Nxb3 Nxb3 15. Rxb3 Qc7 16. Qd3 Ba4 17. Rb1 h6 18. c4 Kb8 19. Be3 Bc6 20. cxd5 Rxd5 21. Rec1 Ka8 22. Nd2 e5 23. Bf3 Qd7 24. Bxd5 Qxd5 25. Qc4 Qd7 26. d5 Bb5 27. Rxb5 Bxa3 28. Rcb1 Ne7 29. Ra5 Nc8 30. Rxa3 Nd6 31. Rxa7+ Kb8 32. Qa4 Qxa4 33. Rxa4 Kc7 34. Bb6+ Kd7 35. Ne4 Nxe4 36. Rxe4 Kd6 37. Rd1 Ra8 38. Rc4 Ra6 39. Bc7+ Kd7 40. d6 b5 41. Rb4 Rc6 42. Rxb5 e4 43. Rb7 1-0

[Event "FRA-ch U12"]
[Site "Hyeres"]
[Date "2002.??.??"]
[Round "5.8"]
[White "Barre, Yann"]
[Black "Brih, Touatia"]
[Result "1-0"]
[WhiteElo "1720"]
[BlackElo "1740"]
[PlyCount "103"]
[EventDate "2002.04.05"]
[EventType "swiss"]
[EventRounds "9"]
[EventCountry "FRA"]
[SourceTitle "EXT 2003"]
[Source "ChessBase"]
[SourceDate "2002.11.25"]
[SourceVersion "1"]
[SourceVersionDate "2002.11.25"]
[SourceQuality "1"]

1. d4 d5 2. Nf3 Nf6 3. Bf4 c6 4. e3 Bf5 5. Be2 e6 6. h3 Be7 7. Nbd2 Nbd7 8. Nh4 Bg6 9. Nxg6 hxg6 10. c3 0-0 11. 0-0 c5 12. Nf3 Ne4 13. Ne5 Nxe5 14. dxe5 c4 15. f3 Nc5 16. b4 Nd7 17. Rb1 b5 18. a4 a6 19. Ra1 Qb6 20. Qd4 Rfb8 21. a5 Qa7 22. Rad1 Re8 23. Qxa7 Rxa7 24. Rd2 Kf8 25. Rfd1 Rd8 26. e4 d4 27. Rxd4 f6 28. exf6 gxf6 29. R4d2 Ke8 30. Bd6 g5 31. f4 Kf7 32. Bh5+ Kf8 33. fxg5 Bxd6 34. Rxd6 fxg5 35. Rxe6 Raa8 36. Rf1+ Kg7 37. Rf7+ Kg8 38. Ree7 Nb8 39. Re5 Nc6 40. Rxg5+ Kh8 41. Rd5 Rxd5 42. exd5 Ne5 43. Re7 Nd3 44. Re8+ Rxe8 45. Bxe8 Kg8 46. Bc6 Nc1 47. d6 Kf7 48. d7 Ke7 49. Bxb5 Ne2+ 50. Kf2 Nxc3 51. Bxc4 Kxd7 52. Bxa6 1-0

[Event "FRA-ch U12"]
[Site "Hyeres"]
[Date "2002.??.??"]
[Round "9.8"]
[White "Barre, Yann"]
[Black "Edouard, Romain"]
[Result "0-1"]
[WhiteElo "1720"]
[BlackElo "1820"]
[PlyCount "120"]
[EventDate "2002.04.05"]
[EventType "swiss"]
[EventRounds "9"]
[EventCountry "FRA"]
[SourceTitle "EXT 2003"]
[Source "ChessBase"]
[SourceDate "2002.11.25"]
[SourceVersion "1"]
[SourceVersionDate "2002.11.25"]
[SourceQuality "1"]

1. d4 Nf6 2. Nf3 g6 3. Bf4 Bg7 4. e3 0-0 5. Be2 d6 6. h3 c6 7. c4 Nbd7 8. Nc3 Qe8 9. 0-0 e5 10. Bh2 Qe7 11. Qc2 Ne8 12. dxe5 dxe5 13. e4 f5 14. Bd3 f4 15. a3 g5 16. g4 h5 17. gxh5 Nc5 18. Kh1 Bxh3 19. Rg1 g4 20. h6 Bxh6 21. b4 Nxd3 22. Qxd3 Bg7 23. Ng5 Rd8 24. Nd5 cxd5 25. exd5 Qxg5 26. Qxh3 gxh3 27. Rxg5 Rf7 28. Re1 Kf8 29. Rh5 b5 30. c5 Rxd5 31. Rxh3 a5 32. Bg1 axb4 33. axb4 Rd4 34. Rb1 Ra7 35. f3 Rc4 36. Rd1 Rxb4 37. c6 Re7 38. Bc5 Rc4 39. Bxe7+ Kxe7 40. Rd7+ Kf8 41. Rh5 Rxc6 42. Rf5+ Bf6 43. Rh5 Rc7 44. Rhh7 Rxd7 45. Rxd7 b4 46. Rb7 Be7 47. Rb5 Bd6 48. Kg2 Ke7 49. Kf2 Kd7 50. Ke2 Kc6 51. Ra5 Nc7 52. Kd3 Kb6 53. Ra1 Kb5 54. Ke4 b3 55. Rd1 Kc5 56. Rc1+ Kb4 57. Rd1 b2 58. Rxd6 b1Q+ 59. Kxe5 Kc5 60. Rd7 Qe1+ 0-1

[Event "FRA-ch U12"]
[Site "Hyeres"]
[Date "2002.??.??"]
[Round "7.10"]
[White "Barre, Yann"]
[Black "Favarel, Antoine"]
[Result "1-0"]
[WhiteElo "1720"]
[BlackElo "1540"]
[PlyCount "57"]
[EventDate "2002.04.05"]
[EventType "swiss"]
[EventRounds "9"]
[EventCountry "FRA"]
[SourceTitle "EXT 2003"]
[Source "ChessBase"]
[SourceDate "2002.11.25"]
[SourceVersion "1"]
[SourceVersionDate "2002.11.25"]
[SourceQuality "1"]

1. d4 Nf6 2. Nf3 d5 3. Bf4 Bg4 4. e3 e6 5. Be2 Nc6 6. h3 Bh5 7. Nbd2 Be7 8. 0-0 0-0 9. c3 h6 10. Qb3 Qd7 11. Bb5 a6 12. Ne5 Qe8 13. Nxc6 bxc6 14. Ba4 Qd7 15. a3 Rfb8 16. Qc2 Rb6 17. c4 Rab8 18. b4 Bg6 19. Qc3 Ne4 20. Nxe4 Bxe4 21. f3 Bg6 22. cxd5 exd5 23. Rfc1 Bd6 24. Bxc6 Qe6 25. Bxd6 Qxd6 26. Ba4 R6b7 27. Qc5 Qe6 28. Kf2 f6 29. Bc6 1-0

[Event "FRA-ch U12"]
[Site "Hyeres"]
[Date "2002.??.??"]
[Round "8.6"]
[White "Chiu, Alexandre"]
[Black "Barre, Yann"]
[Result "1/2-1/2"]
[WhiteElo "1800"]
[BlackElo "1720"]
[PlyCount "62"]
[EventDate "2002.04.05"]
[EventType "swiss"]
[EventRounds "9"]
[EventCountry "FRA"]
[SourceTitle "EXT 2003"]
[Source "ChessBase"]
[SourceDate "2002.11.25"]
[SourceVersion "1"]
[SourceVersionDate "2002.11.25"]
[SourceQuality "1"]

1. d4 d5 2. c4 e5 3. dxe5 d4 4. Nf3 Nc6 5. a3 Bg4 6. Bf4 Nge7 7. Nbd2 Ng6 8. Bg3 a5 9. h3 Bxf3 10. Nxf3 Bc5 11. Qc2 0-0 12. 0-0-0 Qe7 13. h4 h6 14. h5 Ngxe5 15. Bxe5 Nxe5 16. Nxd4 Rad8 17. e3 Ng4 18. Kb1 Bxd4 19. exd4 Qf6 20. Be2 Nxf2 21. Rhf1 Qh4 22. Rd2 Rxd4 23. Bf3 Rxd2 24. Qxd2 Ne4 25. Qd4 f5 26. Qd5+ Rf7 27. Qxa5 Rd7 28. Qxf5 Nd2+ 29. Ka1 Qxc4 30. Re1 Nb3+ 31. Kb1 Nd2+ 1/2-1/2